<?xml version="1.0" encoding="UTF-8"?>
<record
    xmlns:xsi="http://www.w3.org/2001/XMLSchema-instance"
    xsi:schemaLocation="http://www.loc.gov/MARC21/slim http://www.loc.gov/standards/marcxml/schema/MARC21slim.xsd"
    xmlns="http://www.loc.gov/MARC21/slim">

  <leader>00557nam a22001817a 4500</leader>
  <controlfield tag="003">KOHA_M&#x130;RAKIL</controlfield>
  <controlfield tag="005">20260415071735.0</controlfield>
  <controlfield tag="008">260415b        tu ||||| |||| 00| 0 tur d</controlfield>
  <datafield tag="040" ind1=" " ind2=" ">
    <subfield code="a">TR-AnABB</subfield>
    <subfield code="b">tur</subfield>
    <subfield code="c">TR-AnABB</subfield>
  </datafield>
  <datafield tag="041" ind1=" " ind2=" ">
    <subfield code="a">tur</subfield>
  </datafield>
  <datafield tag="082" ind1=" " ind2=" ">
    <subfield code="a">338.9561</subfield>
    <subfield code="b">BOL 1994</subfield>
  </datafield>
  <datafield tag="245" ind1="0" ind2="0">
    <subfield code="a">B&#xF6;lge dayan&#x131;&#x15F;ma birli&#x11F;i : </subfield>
    <subfield code="b">1. toplant&#x131; /</subfield>
    <subfield code="c">B&#xF6;lge Dayan&#x131;&#x15F;ma Birli&#x11F;i Karar Kurulu</subfield>
  </datafield>
  <datafield tag="260" ind1=" " ind2=" ">
    <subfield code="a">&#x130;skenderun : </subfield>
    <subfield code="b">[yayl.y.],</subfield>
    <subfield code="c">1994</subfield>
  </datafield>
  <datafield tag="300" ind1=" " ind2=" ">
    <subfield code="a">[30 sayfa] ; </subfield>
    <subfield code="c">18 cm</subfield>
  </datafield>
  <datafield tag="650" ind1="0" ind2="4">
    <subfield code="a">B&#xF6;lgesel i&#x15F;birli&#x11F;i</subfield>
  </datafield>
  <datafield tag="650" ind1="0" ind2="4">
    <subfield code="a">Ekonomik politika</subfield>
  </datafield>
  <datafield tag="942" ind1=" " ind2=" ">
    <subfield code="2">ddc</subfield>
    <subfield code="c">BK</subfield>
  </datafield>
  <datafield tag="952" ind1=" " ind2=" ">
    <subfield code="0">0</subfield>
    <subfield code="1">0</subfield>
    <subfield code="2">ddc</subfield>
    <subfield code="7">0</subfield>
    <subfield code="a">RUK</subfield>
    <subfield code="b">RUK</subfield>
    <subfield code="d">2026-04-15</subfield>
    <subfield code="l">0</subfield>
    <subfield code="o">338.9561 BOL 1994</subfield>
    <subfield code="p">RK7083</subfield>
    <subfield code="r">2026-04-15 07:17:50</subfield>
    <subfield code="w">2026-04-15</subfield>
    <subfield code="y">BK</subfield>
  </datafield>
  <datafield tag="999" ind1=" " ind2=" ">
    <subfield code="c">10242</subfield>
    <subfield code="d">10242</subfield>
  </datafield>
  <datafield tag="900" ind1=" " ind2=" ">
    <subfield code="b">Can &#xC7;ELIK</subfield>
  </datafield>
</record>
